Statistics for Historical Action Figures

Click here to take the quiz!

General Stats

  • This quiz has been taken 27 times
  • The average score is 12 of 20

Answer Stats

Answer% Correct
Adolf Hitler
100%
Albert Einstein
100%
Richard Nixon
91%
Joseph Stalin
86%
William Shakespeare
86%
Benjamin Franklin
82%
Eleanor Roosevelt
82%
Franklin D. Roosevelt
82%
Nelson Mandela
82%
Theodore Roosevelt
77%
Che Guevara
73%
Malcolm X
73%
Thomas Edison
73%
Rosa Parks
64%
Charles Darwin
45%
Robert E. Lee
45%
King Henry the VIII
0%
Mohandas Ghandi
0%
Queen Elizabeth the I
0%
Ulysseus S. Grant
0%

Score Distribution

Percentile by Number Answered

Percent of People with Each Score

Your Score History

You have not taken this quiz